000 00193nam a2200085 4500
001 1257621
005 20260217113838.0
245 _aMO'NUN GİZEMİ İKİZLER 3
_cGÜLTEN DAYIOĞLU
260 _bALTIN
999 _c1257621
_d1257621